Province Adriatiche - Morte improvvisa - Statistics

Statistiche generali
  • Questo quiz è stato fatto 148 volte
  • Il punteggio medio è 9 su 15
Answers on the Grid
Answers color-coded by a green-red scale on the quiz's grid according to % correct below.
Trieste
Venezia
Rovigo
Ferrara
Rimini
Ancona
Fermo
Teramo
Chieti
Campobasso
Foggia
Barletta-Andria-Trani
Bari
Brindisi
Ravenna
Pordenone
Verona
Bologna
Arezzo
Terni
L'Aquila
Isernia
Benevento
Potenza
Matera
Cosenza
Messina
Trapani
Cagliari
Nuoro
 
Statistiche sulle risposte
Risposta % Corretto
Venezia
71%
Ancona
69%
Rimini
69%
Bari
64%
Foggia
64%
Brindisi
63%
Ravenna
61%
Trieste
61%
Barletta-Andria-Trani
59%
Fermo
51%
Campobasso
49%
Ferrara
44%
Teramo
44%
Chieti
43%
Rovigo
40%
Nessun quiz corrispondente trovato
Distribuzione punteggi
Percentuale di utenti per punteggio
Percentile per numero di risposta
I tuoi punteggi nel tempo
Non hai fatto questo quiz